| 000 | 02379 a2200397 4500 | ||
|---|---|---|---|
| 001 | OB-pul-52320 | ||
| 003 | FrMaCLE | ||
| 005 | 20251214082539.0 | ||
| 007 | cu ||||||m|||| | ||
| 008 | 240123e||||||||xx |||||s|||||||||0|fr|d | ||
| 020 | _a978-2-7297-1420-8 | ||
| 024 | 7 |
_a10.4000/books.pul.52320 _2doi |
|
| 040 | _aFR-FrMaCLE | ||
| 041 | _afra | ||
| 100 | 1 | _aCapdepuy, Vincent | |
| 245 | 1 | 3 |
_aLe Monde ou rien : _bHistoire d’un concept géographique / _cVincent Capdepuy. |
| 260 |
_aLyon : _bPresses universitaires de Lyon, _c2024. |
||
| 300 | _a176 p. | ||
| 500 | _aEbook | ||
| 520 | _a Dans son acception la plus commune, le terme mondialisation s’apparente à un phénomène économique. Mais, en élargissant un peu la focale, on s’aperçoit qu’il correspond aussi au processus par lequel un monde advient, à la mise en monde de l’humanité. Il s’agit alors de s’interroger sur la notion même de « monde ». D’ailleurs, s’agit-il du Monde ou des mondes ? À quelle époque ce mot a-t-il pris les différents sens qu’on lui connaît ? Quelles réalités a-t-il recouvertes et comment a-t-il été compris ? De la même manière, quand a-t-on pris conscience de l’idée de mondialisation ? Que disent de ce processus des mots voisins comme internationalisation, universalisation, planétarisation, globalisation, cosmopolitisation ? Partant des origines latines et grecques de ces termes, Vincent Capdepuy analyse comment leur usage évolue dans la langue française, en lien avec d’autres langues européennes. Sur la base d’un large corpus d’ouvrages et d’articles, il interroge l’idée de Monde : pourquoi faire Monde ? Peut-on être mondialiste ? Entre paradoxes, complémentarités et enchâssements, son essai est une géohistoire critique du Monde. | ||
| 540 |
_aOpenEdition Books License _uhttps://www.openedition.org/12554 |
||
| 650 | 4 | _aGeography | |
| 650 | 4 | _aHistory of Social Sciences | |
| 650 | 4 | _amondialisation | |
| 650 | 4 | _ahumanité | |
| 650 | 4 | _agéohistoire | |
| 650 | 4 | _aglobalisation | |
| 650 | 4 | _ainternationalisation | |
| 650 | 4 | _auniversalisation | |
| 650 | 4 | _aplanétarisation | |
| 650 | 4 | _acosmopolitisation | |
| 650 | 4 | _amondialisme | |
| 760 | 0 | _x3073-5394 | |
| 776 | _z978-2-7297-1419-2 | ||
| 856 | 4 |
_eCapdepuy, Vincent _uhttps://books.openedition.org/pul/52320 _yLe Monde ou rien |
|
| 999 |
_c1469 _d1469 |
||